| 000 | 006160000a22001810004500 | ||
|---|---|---|---|
| 999 |
_c54369 _d54369 |
||
| 001 | 768714001 | ||
| 003 | CO-MdFUSB | ||
| 005 | 20170824110335.0 | ||
| 008 | 170824s2002 xxu||||| |||| 00| 0 eng d | ||
| 022 | _a0120-3649 | ||
| 040 |
_aCO-MdFUSB _bspa _cCO-MdFUSB _dCO-MdFUSB |
||
| 041 | _aspa | ||
| 245 | 1 | 0 |
_aCarrying on despite the violence : _bthe excitement of archaeology has not been diminished |
| 300 |
_aVolumen 28. Número 4 (2002), Páginas 6 _c28 cm. |
||
| 546 | _aTexto en inglés | ||
| 773 | 0 |
_tBiblical Archaeology Review _049395 _959461 _gVolumen 28. Número 4 (2002), Páginas 6 _qPágina 6 |
|
| 942 | _cANA | ||